BRIDGE RESOURCE MANAGEMENT FOR SMALL SHIPS / (Record no. 587781)

000 -LEADER
fixed length control field 00338nam a22001337a 4500
020 ## - INTERNATIONAL STANDARD BOOK NUMBER
Qualifying information HB.
040 ## - CATALOGING SOURCE
Transcribing agency FIZZA ISHAQ
082 ## - DEWEY DECIMAL CLASSIFICATION NUMBER
Classification number 623.881
Author Mark DAN
100 ## - MAIN ENTRY--PERSONAL NAME
Personal name PARROT, DANIEL.
9 (RLIN) 88796
245 ## - TITLE STATEMENT
Title BRIDGE RESOURCE MANAGEMENT FOR SMALL SHIPS /
Statement of responsibility, etc. DANIEL PARROT.
250 ## - EDITION STATEMENT
Edition statement 1st ED.
260 ## - PUBLICATION, DISTRIBUTION, ETC.
Place of publication, distribution, etc. LONDON ;
Name of publisher, distributor, etc. WILEY,
Date of publication, distribution, etc. 2011.
942 ## - ADDED ENTRY ELEMENTS (KOHA)
Source of classification or shelving scheme
Koha item type Book
Holdings
Withdrawn status Lost status Source of classification or shelving scheme Damaged status Not for loan Permanent Location Current Location Date acquired Total Checkouts Full call number Barcode Date last seen Price effective from Koha item type
          NUST Baluchistan Campus (NBC) NUST Baluchistan Campus (NBC) 02/04/2022   623.881 DAN Q-2304 02/04/2022 02/04/2022 Book
© 2023 Central Library, National University of Sciences and Technology. All Rights Reserved.